Digital communications : (Record no. 182884)

000 -LEADER
fixed length control field 01272 a2200205 4500
003 - CONTROL NUMBER IDENTIFIER
control field Nust
005 - DATE AND TIME OF LATEST TRANSACTION
control field 20221210125142.0
010 ## - LIBRARY OF CONGRESS CONTROL NUMBER
LC control number 00007476
020 ## - INTERNATIONAL STANDARD BOOK NUMBER
International Standard Book Number 8178083736
040 ## - CATALOGING SOURCE
Transcribing agency Nust
082 00 - DEWEY DECIMAL CLASSIFICATION NUMBER
Classification number 621.382,SKL
100 1# - MAIN ENTRY--PERSONAL NAME
Personal name Sklar, Bernard,
245 10 - TITLE STATEMENT
Title Digital communications :
Remainder of title fundamentals and applications /
Statement of responsibility, etc. Bernard Sklar.
250 ## - EDITION STATEMENT
Edition statement 2nd ed.
260 ## - PUBLICATION, DISTRIBUTION, ETC.
Place of publication, distribution, etc. Upper Saddle River, N.J. :
Name of publisher, distributor, etc. Prentice-Hall PTR,
Date of publication, distribution, etc. c2001.
300 ## - PHYSICAL DESCRIPTION
Extent xxiv, 1079 p. :
Other physical details ill. ;
Dimensions 25 cm. +
Accompanying material 1 computer optical disc (4 3/4 in.)
505 ## - FORMATTED CONTENTS NOTE
Formatted contents note Signals and Spectra (Page-1), Formatting and Baseband Modulation (Page-55), Baseband Demodulation/Detection (Page-104), BandPass Modulation and Demodulation/Detection (Page-167), Communications Link Analysis (Page-242), Channel Coding Part-I (Page-304), Channel Coding: Part-II (Page 381), Channel Coding: Part-III (Page-436), Modeling and Coding Trade Offs (Page-520), Synchronization (Page-598), Multiplexing and Multiple Access (Page-656), Spread Spectrum Techniques (Page-718), Source Coding (Page-803), Encryption and decryption (Page-890), Fading Channels (Page-944), A Review of Fourier Techniques (Page-1012), Fundamentals of Statistical Decision Theory (Page-1035).
650 #0 - SUBJECT ADDED ENTRY--TOPICAL TERM
Topical term or geographic name entry element Telecommunication Engineering
942 ## - ADDED ENTRY ELEMENTS (KOHA)
Source of classification or shelving scheme
Koha item type Book
Holdings
Withdrawn status Lost status Source of classification or shelving scheme Damaged status Not for loan Collection code Permanent Location Current Location Date acquired Total Checkouts Full call number Barcode Date last seen Price effective from Koha item type Shelving location Public note Date last checked out Checked out
            Military College of Signals (MCS) Military College of Signals (MCS) 12/12/2016   621.382 SKL MCS26538 12/08/2016 12/12/2016 Book        
            Military College of Signals (MCS) Military College of Signals (MCS) 12/12/2016   621.382,SKL MCS28761 12/08/2016 12/12/2016 Reference Reference Almirah No.22, Shelf No.1    
            Military College of Signals (MCS) Military College of Signals (MCS) 12/12/2016 7 621.382,SKL MCS31432 03/14/2025 12/12/2016 Book General Stacks Almirha No 83, Shelf No 2 02/06/2025  
            Military College of Signals (MCS) Military College of Signals (MCS) 12/12/2016 1 621.382,SKL MCS36299 02/07/2023 12/12/2016 Book General Stacks Almirah No.35, Shelf No.6 01/19/2023  
            Military College of Signals (MCS) Military College of Signals (MCS) 12/12/2016 5 621.382,SKL MCS36302 02/15/2024 12/12/2016 Book General Stacks Almirah No.35, Shelf No.6 01/29/2024  
            Military College of Signals (MCS) Military College of Signals (MCS) 12/12/2016 5 621.382,SKL MCS37187 04/14/2026 12/12/2016 Book General Stacks Almirah No.35, Shelf No.6 04/14/2026 05/14/2026
            Military College of Signals (MCS) Military College of Signals (MCS) 09/28/2022 3 621.382,SKL MCS31675 01/25/2023 09/28/2022 Book General Stacks Almirah No.35, Shelf No.6 12/27/2022  
            Military College of Signals (MCS) Military College of Signals (MCS) 07/27/2023 5 621.382,SKL MCS37087 04/13/2026 07/27/2023 Book General Stacks Almirah No.35, Shelf No.6 04/13/2026 05/13/2026
© 2023 Central Library, National University of Sciences and Technology. All Rights Reserved.